| 000 | 01221nam1a22002531i 4500 | ||
|---|---|---|---|
| 001 | rc\2880138 | ||
| 005 | 20260531111930.0 | ||
| 035 | _a(NLR Aleph) 007033024 | ||
| 090 |
_a6022182 _c6022182 |
||
| 100 | _a20110719d1930 |||y0rusy50 ca | ||
| 101 | 0 | _arus | |
| 102 | _aRU | ||
| 105 | _ay z ||||| | ||
| 200 | 1 |
_aОсновы охраны труда _fпроф. С.И. Каплун _gЦентр. заоч. курсы по труду и соц. страхованию ... |
|
| 210 |
_aМосква _cГострудиздат _d1930 _g"Интернациональная" (39) тип. "Мосполиграф" |
||
| 215 |
_a(1-16) с. _d26×18 см |
||
| 300 | _aИздается отдельными листами | ||
| 700 | 1 |
_aКаплун _bС. И. _cучастник установления советской власти, врач-гигиенист _f1897-1943 _gСергей Ильич _9142119 _3RU\NLR\AUTH\770142155 |
|
| 712 | 0 | 2 |
_4570 _aЦентральные заочные курсы по труду и социальному страхованию _cМосква _9534347 _3RU\NLR\AUTH\8810018266 |
| 801 | 0 |
_aRU _bNLR _gpsbo |
|
| 801 | 1 |
_aRU _bELAR _2rusmarc |
|
| 852 |
_aNLR _j30-19/324 |
||
| 942 | _cBOOK | ||